Statistics for Diaspora-Sweden

Click here to take the quiz!

General Stats

  • This quiz has been taken 231 times
  • The average score is 14 of 16

Answer Stats

Number of immigrantsContinentCountry% Correct
341.845North AmericaCanada
100%
4.325.000North AmericaUnited States of America
100%
290.000EuropeFinland
98%
36.887-90.000EuropeNorway
97%
100.000EuropeUnited Kingdom
97%
23.000EuropeGermany
96%
12.933EuropeDenmark
93%
16.838EuropeSpain
93%
30.375OceaniaAustralia
92%
200.000South AmericaArgentina
91%
30.000EuropeFrance
90%
10.000EuropeItaly
89%
5.500Europethe Netherlands
78%
10.000EuropeBelgium
75%
17.000EuropeSwitzerland
62%
10.000AsiaThailand
42%

Score Distribution

Percentile by Number Answered

Percent of People with Each Score

Your Score History

You have not taken this quiz